000 00273nam a22001337a 4500
008 170719b xxu||||| |||| 00| 0 eng d
020 _a9780670021598
041 _aeng
080 _a2
100 _a24
101 _aTEO
245 _aJESUS
_cJOHNSON, P
942 _2udc
_cBK
999 _c21525
_d21525